00869cam a22002411 4500001001300000003000400013005001700017008004100034010001700075035001900092040004600111042001200157050001500169100002100184245009500205260005200300300003600352490007600388650002700464700004600491830007300537999001700610gs 55000217 DLC20260227111403.0790612s1954 sduab s000 0 eng c ags 55000217  a(OCoLC)5058539 aU.S. Geol. Survey Libr.cTxCMdOCoLCdDLC apremarc00aQE163b.B61 aBolin, Edward J.10aWell logs in South Dakota east of Missouri River,cby Edward J. Bolin and Bruno C. Petsch. aVermillion,bUniversity of South Dakota,c1954. aii, 95 p.bmap, tables.c28 cm.1 aSouth Dakota. State Geological Survey. Report of investigationsvno. 75 0aBoringszSouth Dakota.1 aPetsch, Bruno Carl,d1901-ejoint author. 0aReport of investigations (South Dakota Geological Survey) ;vno. 75. c28963d28963